000 01161nam a2200289Ia 4500
003 OSt
005 20220930190048.0
006 a|||||r|||| 00| 0
007 ta
008 220926b |||||||| |||| 00| 0 hin d
020 _a812601914X (pbk)
_c200
024 _a93580
037 _b528, 19/03/2009, Vani Prakashan
_cTextbook
040 _aCRL
_cCRL
_bhin
041 _2hin
_ahin
082 _aO152,1K08w, M3
100 _aनेमाड़े, भालचंद्र
245 0 _aतुकाराम
246 _aPrabhātakumār mukharjī kī kahāniyaॉan
260 _aनई दिल्ली,
_bसाहित्य अकादेमी, भारत
_c1983
300 _a69पृ0
_ccm.
490 _aभारतीय साहित्य के निर्माता
650 _aहिन्दी साहित्य
700 _a पाटील, चंद्रकांत, अनु.
942 _hO152,1K08w, M3
_cTB
_2CC
999 _c891543
_d891543